Представление документа в формате MARC21

Поле Инд. ПП Название Значение
Тип записи a
Библиографический уровень m
001 Контрольный номер RU/IS/BASE/351001023
005 Дата корректировки 20150513113614.8
020 a ISBN 978-5-93750-242-1
040 a Служба первич. каталог. НБ ТвГУ
b Код языка каталог. rus
e Правила каталог. PSBO
041 0_ a Код языка текста rus
080 a Индекс УДК 530.1
084 a Индекс другой классификации/Индекс ББК В313
090 a Полочн. индекс В313
x Авторский знак Н 34
100 1_ a Автор Науменко Юрий Викторович
q Полное имя Науменко Ю. В.
245 00 a Заглавие Развитие понятий поля, работы, момента импульса
260 a Место издания Армавир
b Издательство б. и.
c Дата издания 2010
300 a Объем 66 с.
b Иллюстрации/ тип воспроизводства ил.
504 a Библиография Библиогр. в конце разд.
520 a Аннотация Является ли наша Вселенная открытой или закрытой
( замкнутой)? Совершает ли Тяготение работу по
у держанию спутника на орбите? Совершает ли работу
т рос, на котором висит груз? Можно ли построить
е диную теорию поля, обобщая уравнения Максвелла?
К аким может быть обобщение обшей теории относитель-
н ости при построении единой теории поля?
С одержание книги ( возможно весьма спорное ) освещает
э ти вопросы исходя из довольно неожиданных спекуляций.
653 a Ключевые слова Гравитация
a Ключевые слова Единая теория поля
a Ключевые слова Инварианты тензора момента
a Ключевые слова Квантование инвариантов тензора момента
a Ключевые слова Механика
a Ключевые слова Механическая работа силы
a Ключевые слова Момент импульса
a Ключевые слова Поле (физ.)
a Ключевые слова Работа источника силы
a Ключевые слова Работа силы тяготения
a Ключевые слова Тензор момента свободной частицы
a Ключевые слова Теоретическая физика
a Ключевые слова Теория поля
a Ключевые слова Тяготение
a Ключевые слова Удержание спутника на орбите
a Ключевые слова Уравнение Клейна-Гордона
a Ключевые слова Физика
901 t Тип документа m
920 a Оператор Густ
952 c Вид литературы К рн
954 a Дата поступления на обработку 20110511